Regions of Middle Earth Map Quiz - Statistics

General Stats
  • This quiz has been taken 567 times
  • The average score is 7 of 8
Answers on the Map
Answers color-coded by a green-red scale on the quiz's map according to % correct below.
 
Answer Stats
Answer % Correct
Mordor
94%
Shire
91%
Gondor
90%
Rivendell
87%
Rohan
87%
Isengard
84%
Lothloríen
81%
Fangorn
74%
No matching quizzes found
Score Distribution
Percent of People with Each Score
Percentile by Number Answered
Your Score History
You have not taken this quiz